[Event "Campeonato España Sub 18"]
[Site "Salobreña"]
[Date "2017.08.04"]
[Round "8"]
[White "Gomez Sanjuan, Hector Fernando"]
[Black "Represa Perez, Mireya"]
[Result "1-0"]
[Board "25"]
[WhiteClock "1:30"]
[WhiteElo "2189"]
[WhiteCountry "ESP"]
[WhiteFideId "22274960"]
[WhiteEloChange "4"]
[BlackClock "1:30"]
[BlackTitle "WFM"]
[BlackElo "1974"]
[BlackCountry "ESP"]
[BlackFideId "32010036"]
[BlackEloChange "-4"]

1. d4 {[%clk 1:30:00]} Nf6 {[%clk 1:30:00]} 2. c4 {[%clk 1:31:00]} g6 {[%clk
1:31:00]} 3. Nc3 {[%clk 1:31:00]} Bg7 {[%clk 1:31:00]} 4. e4 {[%clk 1:32:00]} d6
{[%clk 1:32:00]} 5. Nf3 {[%clk 1:32:00]} O-O {[%clk 1:32:00]} 6. Be2 {[%clk
1:32:00]} Nbd7 {[%clk 1:32:00]} 7. O-O {[%clk 1:32:00]} e5 {[%clk 1:33:00]} 8. d5
{[%clk 1:29:00]} Nc5 {[%clk 1:33:00]} 9. Nd2 {[%clk 1:28:00]} a5 {[%clk 1:33:00]}
10. b3 {[%clk 1:28:00]} Bh6 {[%clk 1:31:00]} 11. Qc2 {[%clk 1:26:00]} Ne8 {[%clk
1:30:00]} 12. a3 {[%clk 1:16:00]} f5 {[%clk 1:28:00]} 13. f3 {[%clk 1:12:00]} Nf6
{[%clk 1:25:00]} 14. Rb1 {[%clk 1:10:00]} Be3+ {[%clk 1:25:00]} 15. Kh1 {[%clk
1:10:00]} f4 {[%clk 1:25:00]} 16. b4 {[%clk 1:09:00]} Na6 {[%clk 1:25:00]} 17.
Nb3 {[%clk 1:00:00]} Bxc1 {[%clk 1:23:00]} 18. Nxc1 {[%clk 1:01:00]} g5 {[%clk
1:22:00]} 19. Nd3 {[%clk 0:59:00]} h5 {[%clk 1:18:00]} 20. c5 {[%clk 0:58:00]}
Rf7 {[%clk 1:18:00]} 21. b5 {[%clk 0:43:00]} Nxc5 {[%clk 0:46:00]} 22. Nxc5
{[%clk 0:43:00]} dxc5 {[%clk 0:46:00]} 23. b6 {[%clk 0:42:00]} g4 {[%clk
0:46:00]} 24. bxc7 {[%clk 0:41:00]} Rxc7 {[%clk 0:46:00]} 25. Nb5 {[%clk
0:40:00]} Rg7 {[%clk 0:46:00]} 26. Qxc5 {[%clk 0:39:00]} g3 {[%clk 0:46:00]} 27.
Qd6 {[%clk 0:39:00]} Nd7 {[%clk 0:18:08]} 28. Qe6+ {[%clk 0:28:00]} Kh7 {[%clk
0:18:08]} 29. Qf5+ {[%clk 0:28:00]} Kh8 {[%clk 0:18:08]} 30. Nd6 {[%clk 0:28:00]}
Qf6 {[%clk 0:18:08]} 31. Qxf6 {[%clk 0:28:00]} Nxf6 {[%clk 0:18:08]} 32. Rfc1
{[%clk 0:28:00]} Bd7 {[%clk 0:18:08]} 33. Rxb7 {[%clk 0:28:00]} gxh2 {[%clk
0:18:08]} 34. Kxh2 {[%clk 0:28:00]} Rag8 {[%clk 0:18:08]} 35. Bf1 {[%clk
0:28:00]} h4 {[%clk 0:18:08]} 36. Nc4 {[%clk 0:28:00]} Rg5 {[%clk 0:18:08]} 37.
Nxa5 {[%clk 0:28:00]} h3 {[%clk 0:18:08]} 38. gxh3 {[%clk 0:28:00]} Rg1 {[%clk
0:18:08]} 39. Rb6 {[%clk 0:27:00]} Bxh3 {[%clk 0:12:27]} 40. Rxf6 {[%clk
0:25:00]} Rxf1 {[%clk 0:11:41]} 41. Rxf1 {[%clk 0:21:00]} Bxf1 {[%clk 0:12:09]}
42. Nc6 {[%clk 0:18:24]} Rg2+ {[%clk 0:10:52]} 43. Kh1 {[%clk 0:18:37]} Rg5
{[%clk 0:11:14]} 44. d6 {[%clk 0:17:21]} Be2 {[%clk 0:09:05]} 45. Nxe5 {[%clk
0:12:47]} Rxe5 {[%clk 0:07:32]} 46. d7 {[%clk 0:12:38]} Bxf3+ {[%clk 0:07:52]}
47. Kg1 {[%clk 0:13:01]} Rg5+ {[%clk 0:08:09]} 48. Kf2 {[%clk 0:13:25]} Rg2+
{[%clk 0:08:23]} 49. Kxf3 {[%clk 0:13:47]} Rd2 {[%clk 0:08:48]} 50. Rf8+ {[%clk
0:13:37]} 1-0

[Event "Campeonato España Sub 18"]
[Site "Salobreña"]
[Date "2017.08.05"]
[Round "9"]
[White "Domingo Nunez, Alejandro"]
[Black "Santos Ruiz, Miguel"]
[Result "1/2-1/2"]
[Board "1"]
[WhiteClock "n/a"]
[WhiteTitle "FM"]
[WhiteElo "2287"]
[WhiteCountry "ESP"]
[WhiteFideId "22245561"]
[WhiteEloChange "5"]
[BlackClock "n/a"]
[BlackTitle "IM"]
[BlackElo "2469"]
[BlackCountry "ESP"]
[BlackFideId "22291482"]
[BlackEloChange "-2"]

1. Nf3 {[%clk 1:30:30]} d5 {[%clk 1:30:30]} 2. g3 {[%clk 1:30:30]} Bg4 {[%clk
1:30:30]} 3. Bg2 {[%clk 1:30:30]} Nd7 {[%clk 1:30:30]} 4. c4 {[%clk 1:30:30]} e6
{[%clk 1:30:30]} 5. Qa4 {[%clk 1:30:30]} Nf6 {[%clk 1:30:30]} 6. Ne5 {[%clk
1:30:30]} b5 {[%clk 1:30:30]} 7. Qxb5 {[%clk 1:30:30]} Rb8 {[%clk 1:30:30]} 8.
Qc6 {[%clk 1:30:30]} Rb6 {[%clk 1:30:30]} 9. Qa4 {[%clk 1:30:30]} Rb4 {[%clk
1:30:30]} 10. Qc6 {[%clk 1:30:30]} Rb6 {[%clk 1:30:30]} 11. Qa4 {[%clk 1:30:30]}
Rb4 {[%clk 1:30:30]} 12. Qc6 {[%clk 1:30:30]} 1/2-1/2

[Event "Campeonato España Sub 18"]
[Site "Salobreña"]
[Date "2017.08.05"]
[Round "9"]
[White "Portela Peleteiro, Alberto"]
[Black "Laiz Ibanez, Hector"]
[Result "1/2-1/2"]
[Board "2"]
[WhiteClock "1:30"]
[WhiteTitle "FM"]
[WhiteElo "2398"]
[WhiteCountry "ESP"]
[WhiteFideId "22276106"]
[WhiteEloChange "-4"]
[BlackClock "1:30"]
[BlackTitle "FM"]
[BlackElo "2269"]
[BlackCountry "ESP"]
[BlackFideId "2216710"]
[BlackEloChange "4"]

1. e4 {[%clk 1:30:00]} e6 {[%clk 1:30:00]} 2. d4 {[%clk 1:31:00]} d5 {[%clk
1:31:00]} 3. Nc3 {[%clk 1:31:00]} Nf6 {[%clk 1:31:00]} 4. Bg5 {[%clk 1:31:00]}
Be7 {[%clk 1:31:00]} 5. e5 {[%clk 1:32:00]} Nfd7 {[%clk 1:32:00]} 6. h4 {[%clk
1:32:00]} h6 {[%clk 1:32:00]} 7. Be3 {[%clk 1:32:00]} c5 {[%clk 1:32:00]} 8. Qg4
{[%clk 1:32:00]} Kf8 {[%clk 1:33:00]} 9. f4 {[%clk 1:32:00]} cxd4 {[%clk
1:33:00]} 10. Bxd4 {[%clk 1:33:00]} Nc6 {[%clk 1:33:00]} 11. Nf3 {[%clk 1:33:00]}
h5 {[%clk 1:33:00]} 12. Qh3 {[%clk 1:33:00]} g6 {[%clk 1:28:00]} 13. Bd3 {[%clk
1:23:00]} Qa5 {[%clk 1:11:00]} 14. O-O {[%clk 1:10:00]} Nc5 {[%clk 1:05:00]} 15.
Bxc5 {[%clk 0:54:00]} Qxc5+ {[%clk 1:04:00]} 16. Kh1 {[%clk 0:54:00]} Nb4 {[%clk
0:55:00]} 17. Qg3 {[%clk 0:48:00]} Bd7 {[%clk 0:49:00]} 18. Qe1 {[%clk 0:44:00]}
a5 {[%clk 0:44:00]} 19. a3 {[%clk 0:34:00]} Nxd3 {[%clk 0:44:00]} 20. cxd3 {[%clk
0:34:00]} a4 {[%clk 0:44:00]} 21. Ne2 {[%clk 0:32:00]} Qe3 {[%clk 0:42:00]} 22.
Rd1 {[%clk 0:31:00]} Qb6 {[%clk 0:41:00]} 23. Qd2 {[%clk 0:29:00]} Kg7 {[%clk
0:41:00]} 24. g3 {[%clk 0:25:00]} Rhc8 {[%clk 0:40:00]} 25. Ned4 {[%clk 0:23:00]}
Bc5 {[%clk 0:40:00]} 26. Qf2 {[%clk 0:23:00]} Qa7 {[%clk 0:37:00]} 27. Rc1 {[%clk
0:22:00]} Rc7 {[%clk 0:35:00]} 28. Rc3 {[%clk 0:19:08]} Rac8 {[%clk 0:35:00]} 29.
Rfc1 {[%clk 0:19:22]} b5 {[%clk 0:31:00]} 30. Kg2 {[%clk 0:17:45]} Kg8 {[%clk
0:30:00]} 31. Kf1 {[%clk 0:17:29]} b4 {[%clk 0:27:00]} 32. axb4 {[%clk 0:17:53]}
Bxb4 {[%clk 0:27:00]} 33. Rxc7 {[%clk 0:18:19]} Rxc7 {[%clk 0:28:00]} 34. Rxc7
{[%clk 0:18:24]} Qxc7 {[%clk 0:28:00]} 35. Qc2 {[%clk 0:18:40]} Qb6 {[%clk
0:28:00]} 36. Ke2 {[%clk 0:14:59]} Bc5 {[%clk 0:26:00]} 37. Qc3 {[%clk 0:15:21]}
Bb4 {[%clk 0:25:00]} 38. Qc2 {[%clk 0:15:21]} 1/2-1/2

[Event "Campeonato España Sub 18"]
[Site "Salobreña"]
[Date "2017.08.05"]
[Round "9"]
[White "Perez Garcia, Alejandro"]
[Black "Porta Tovar, Guillem"]
[Result "1-0"]
[Board "3"]
[WhiteClock "1:30"]
[WhiteTitle "IM"]
[WhiteElo "2358"]
[WhiteCountry "ESP"]
[WhiteFideId "32041543"]
[WhiteEloChange "6"]
[BlackClock "1:30"]
[BlackElo "2202"]
[BlackCountry "ESP"]
[BlackFideId "32008341"]
[BlackEloChange "-6"]

1. d4 {[%clk 1:30:00]} Nf6 {[%clk 1:30:00]} 2. c4 {[%clk 1:30:00]} g6 {[%clk
1:31:00]} 3. g3 {[%clk 1:30:00]} Bg7 {[%clk 1:31:00]} 4. Bg2 {[%clk 1:31:00]} O-O
{[%clk 1:32:00]} 5. Nc3 {[%clk 1:31:00]} d6 {[%clk 1:32:00]} 6. Nf3 {[%clk
1:31:00]} c6 {[%clk 1:32:00]} 7. O-O {[%clk 1:31:00]} Qb6 {[%clk 1:33:00]} 8. Qc2
{[%clk 1:25:00]} Bf5 {[%clk 1:27:00]} 9. e4 {[%clk 1:23:00]} Nxe4 {[%clk
1:06:00]} 10. g4 {[%clk 1:22:00]} Ng3 {[%clk 1:07:00]} 11. gxf5 {[%clk 1:22:00]}
Nxf1 {[%clk 1:07:00]} 12. Bxf1 {[%clk 1:18:00]} e6 {[%clk 0:58:00]} 13. fxe6
{[%clk 1:13:00]} fxe6 {[%clk 0:58:00]} 14. Qe4 {[%clk 1:13:00]} e5 {[%clk
0:58:00]} 15. c5 {[%clk 1:05:00]} dxc5 {[%clk 0:40:00]} 16. dxe5 {[%clk 0:52:00]}
Nd7 {[%clk 0:36:00]} 17. e6 {[%clk 0:44:00]} Rae8 {[%clk 0:27:00]} 18. Qc4 {[%clk
0:31:00]} Ne5 {[%clk 0:23:00]} 19. Nxe5 {[%clk 0:31:00]} Bxe5 {[%clk 0:23:00]}
20. Ne4 {[%clk 0:29:00]} Kg7 {[%clk 0:21:00]} 21. Nxc5 {[%clk 0:26:00]} Rf5
{[%clk 0:18:04]} 22. Be3 {[%clk 0:25:00]} Qxb2 {[%clk 0:17:44]} 23. Rd1 {[%clk
0:25:00]} b5 {[%clk 0:15:31]} 24. Qe4 {[%clk 0:23:00]} Bf6 {[%clk 0:11:44]} 25.
Qxc6 {[%clk 0:23:00]} Re7 {[%clk 0:11:25]} 26. Qc8 {[%clk 0:20:00]} Bh4 {[%clk
0:11:12]} 27. Bd4+ {[%clk 0:21:00]} Qxd4 {[%clk 0:11:37]} 28. Rxd4 {[%clk
0:20:00]} Bxf2+ {[%clk 0:12:06]} 29. Kg2 {[%clk 0:19:50]} Bxd4 {[%clk 0:12:34]}
30. Ne4 {[%clk 0:20:00]} Bb6 {[%clk 0:08:42]} 31. Qc3+ {[%clk 0:18:16]} Kh6
{[%clk 0:08:22]} 32. Qd2+ {[%clk 0:12:43]} Kg7 {[%clk 0:08:49]} 33. Qd6 {[%clk
0:12:25]} Kf8 {[%clk 0:09:16]} 34. Bd3 {[%clk 0:12:10]} Bc7 {[%clk 0:07:27]} 35.
Qc6 {[%clk 0:11:42]} Re5 {[%clk 0:06:37]} 36. Nc5 {[%clk 0:11:39]} Kg7 {[%clk
0:05:52]} 37. Nd7 {[%clk 0:11:55]} Rg5+ {[%clk 0:05:27]} 38. Kf3 {[%clk 0:11:57]}
Bxh2 {[%clk 0:05:37]} 39. Qc8 {[%clk 0:10:58]} Rg3+ {[%clk 0:04:59]} 40. Kf2
{[%clk 0:10:58]} 1-0

[Event "Campeonato España Sub 18"]
[Site "Salobreña"]
[Date "2017.08.05"]
[Round "9"]
[White "Bayo Milagro, Alvaro"]
[Black "Serra Canals, Oriol"]
[Result "1-0"]
[Board "4"]
[WhiteClock "1:30"]
[WhiteTitle "FM"]
[WhiteElo "2288"]
[WhiteCountry "ESP"]
[WhiteFideId "22275240"]
[WhiteEloChange "5"]
[BlackClock "1:30"]
[BlackElo "2105"]
[BlackCountry "ESP"]
[BlackFideId "22276084"]
[BlackEloChange "-5"]

1. e4 {[%clk 1:30:00]} e6 {[%clk 1:27:00]} 2. d4 {[%clk 1:31:00]} d5 {[%clk
1:28:00]} 3. Nd2 {[%clk 1:31:00]} Nf6 {[%clk 1:27:00]} 4. e5 {[%clk 1:31:00]}
Nfd7 {[%clk 1:28:00]} 5. f4 {[%clk 1:32:00]} c5 {[%clk 1:28:00]} 6. Ngf3 {[%clk
1:32:00]} Nc6 {[%clk 1:29:00]} 7. Nb3 {[%clk 1:32:00]} c4 {[%clk 1:28:00]} 8.
Nbd2 {[%clk 1:33:00]} h6 {[%clk 1:28:00]} 9. h4 {[%clk 1:29:00]} b5 {[%clk
1:28:00]} 10. Be2 {[%clk 1:30:00]} Rb8 {[%clk 1:23:00]} 11. Nf1 {[%clk 1:30:00]}
Qa5+ {[%clk 1:18:00]} 12. Kf2 {[%clk 1:24:00]} Be7 {[%clk 1:09:00]} 13. h5 {[%clk
1:13:00]} b4 {[%clk 1:05:00]} 14. b3 {[%clk 1:09:00]} Ba6 {[%clk 1:01:00]} 15.
Ne3 {[%clk 1:08:00]} cxb3 {[%clk 1:00:00]} 16. cxb3 {[%clk 1:08:00]} f6 {[%clk
1:01:00]} 17. Qc2 {[%clk 1:04:00]} Bxe2 {[%clk 0:57:00]} 18. Qg6+ {[%clk
1:00:00]} Kd8 {[%clk 0:57:00]} 19. Kxe2 {[%clk 1:00:00]} Qa6+ {[%clk 0:57:00]}
20. Kd2 {[%clk 1:00:00]} Rf8 {[%clk 0:55:00]} 21. Bb2 {[%clk 1:00:00]} fxe5
{[%clk 0:42:00]} 22. fxe5 {[%clk 1:00:00]} Ncxe5 {[%clk 0:39:00]} 23. dxe5 {[%clk
0:56:00]} Nc5 {[%clk 0:40:00]} 24. Qc2 {[%clk 0:29:00]} Ne4+ {[%clk 0:39:00]} 25.
Ke1 {[%clk 0:29:00]} Rc8 {[%clk 0:33:00]} 26. Qe2 {[%clk 0:29:00]} Qxe2+ {[%clk
0:31:00]} 27. Kxe2 {[%clk 0:30:00]} Ng3+ {[%clk 0:32:00]} 28. Kd3 {[%clk
0:30:00]} Nxh1 {[%clk 0:32:00]} 29. Rxh1 {[%clk 0:31:00]} Rc6 {[%clk 0:31:00]}
30. Ra1 {[%clk 0:25:00]} Bc5 {[%clk 0:27:00]} 31. Bd4 {[%clk 0:24:00]} Bxd4
{[%clk 0:26:00]} 32. Nxd4 {[%clk 0:24:00]} Rc3+ {[%clk 0:26:00]} 33. Ke2 {[%clk
0:25:00]} Kd7 {[%clk 0:27:00]} 34. a3 {[%clk 0:23:00]} Rf4 {[%clk 0:26:00]} 35.
Nec2 {[%clk 0:21:00]} Re4+ {[%clk 0:23:00]} 36. Kd2 {[%clk 0:21:00]} Rg3 {[%clk
0:24:00]} 37. axb4 {[%clk 0:21:00]} Rxg2+ {[%clk 0:24:00]} 38. Kc3 {[%clk
0:22:00]} Rg3+ {[%clk 0:24:00]} 39. Kb2 {[%clk 0:21:00]} Rxe5 {[%clk 0:23:00]}
40. Rxa7+ {[%clk 0:22:00]} Kd6 {[%clk 0:23:00]} 41. b5 {[%clk 0:20:00]} Rxh5
{[%clk 0:15:41]} 42. b6 {[%clk 0:20:00]} Rhh3 {[%clk 0:15:17]} 43. Rf7 {[%clk
0:18:50]} e5 {[%clk 0:03:52]} 44. b7 {[%clk 0:18:50]} 1-0

[Event "Campeonato España Sub 18"]
[Site "Salobreña"]
[Date "2017.08.05"]
[Round "9"]
[White "Povill Claros, Xavier"]
[Black "Garcia Sobrino, David"]
[Result "1-0"]
[Board "5"]
[WhiteClock "1:30"]
[WhiteTitle "FM"]
[WhiteElo "2337"]
[WhiteCountry "ESP"]
[WhiteFideId "32040512"]
[WhiteEloChange "7"]
[BlackClock "1:30"]
[BlackTitle "FM"]
[BlackElo "2223"]
[BlackCountry "ESP"]
[BlackFideId "32028407"]
[BlackEloChange "-7"]

1. d4 {[%clk 1:30:00]} Nf6 {[%clk 1:30:00]} 2. c4 {[%clk 1:31:00]} e6 {[%clk
1:31:00]} 3. Nc3 {[%clk 1:31:00]} Bb4 {[%clk 1:31:00]} 4. e3 {[%clk 1:32:00]} b6
{[%clk 1:31:00]} 5. Ne2 {[%clk 1:32:00]} c5 {[%clk 1:30:00]} 6. a3 {[%clk
1:32:00]} Ba5 {[%clk 1:30:00]} 7. g3 {[%clk 1:30:00]} Bb7 {[%clk 1:28:00]} 8. d5
{[%clk 1:30:00]} b5 {[%clk 1:22:00]} 9. Bg2 {[%clk 1:28:00]} bxc4 {[%clk
1:11:00]} 10. e4 {[%clk 1:24:00]} O-O {[%clk 0:58:00]} 11. O-O {[%clk 1:20:00]}
exd5 {[%clk 0:44:00]} 12. exd5 {[%clk 1:12:00]} d6 {[%clk 0:43:00]} 13. Bf4
{[%clk 1:03:00]} Nh5 {[%clk 0:40:00]} 14. Be3 {[%clk 1:03:00]} Nd7 {[%clk
0:37:00]} 15. g4 {[%clk 0:39:00]} Nhf6 {[%clk 0:36:00]} 16. h3 {[%clk 0:36:00]}
Ne5 {[%clk 0:29:00]} 17. Bg5 {[%clk 0:35:00]} h6 {[%clk 0:26:00]} 18. Be3 {[%clk
0:32:00]} Nh7 {[%clk 0:23:00]} 19. Ng3 {[%clk 0:32:00]} Rb8 {[%clk 0:17:22]} 20.
Rb1 {[%clk 0:18:19]} Nd3 {[%clk 0:15:08]} 21. Be4 {[%clk 0:14:25]} Ng5 {[%clk
0:13:33]} 22. Bxd3 {[%clk 0:13:40]} cxd3 {[%clk 0:13:53]} 23. f4 {[%clk 0:12:55]}
Re8 {[%clk 0:12:03]} 24. fxg5 {[%clk 0:04:37]} Rxe3 {[%clk 0:12:02]} 25. Nf5
{[%clk 0:05:00]} Qxg5 {[%clk 0:07:03]} 26. h4 {[%clk 0:04:12]} Qg6 {[%clk
0:01:26]} 27. Nxe3 {[%clk 0:04:27]} Re8 {[%clk 0:01:38]} 28. Qf3 {[%clk 0:03:50]}
c4 {[%clk 0:01:06]} 29. h5 {[%clk 0:02:52]} Rxe3 {[%clk 0:00:35]} 30. hxg6 {[%clk
0:03:06]} Bc8 {[%clk 0:00:10]} 1-0

[Event "Campeonato España Sub 18"]
[Site "Salobreña"]
[Date "2017.08.05"]
[Round "9"]
[White "Plazuelo Pascual, Juan"]
[Black "Salagran Ferragut, Guillem"]
[Result "1-0"]
[Board "6"]
[WhiteClock "n/a"]
[WhiteTitle "FM"]
[WhiteElo "2334"]
[WhiteCountry "ESP"]
[WhiteFideId "32059566"]
[WhiteEloChange "6"]
[BlackClock "n/a"]
[BlackElo "2201"]
[BlackCountry "ESP"]
[BlackFideId "2241897"]
[BlackEloChange "-6"]

1. d4 {[%clk 1:30:30]} e6 {[%clk 1:30:30]} 2. Nf3 {[%clk 1:30:30]} f5 {[%clk
1:30:30]} 3. g3 {[%clk 1:30:30]} Nf6 {[%clk 1:30:30]} 4. Bg2 {[%clk 1:30:30]} Be7
{[%clk 1:30:30]} 5. O-O {[%clk 1:30:30]} O-O {[%clk 1:30:30]} 6. c4 {[%clk
1:30:30]} Ne4 {[%clk 1:30:30]} 7. Qc2 {[%clk 1:30:30]} Nc6 {[%clk 1:30:30]} 8. a3
{[%clk 1:30:30]} a5 {[%clk 1:30:30]} 9. b3 {[%clk 1:30:30]} d5 {[%clk 1:30:30]}
10. Rd1 {[%clk 1:30:30]} Bd7 {[%clk 1:30:30]} 11. Nc3 {[%clk 1:30:30]} Be8 {[%clk
1:30:30]} 12. cxd5 {[%clk 1:30:30]} exd5 {[%clk 1:30:30]} 13. Qd3 {[%clk
1:30:30]} Bf7 {[%clk 1:30:30]} 14. Bb2 {[%clk 1:30:30]} Ra6 {[%clk 1:30:30]} 15.
Rac1 {[%clk 1:30:30]} Bg6 {[%clk 1:30:30]} 16. Ne1 {[%clk 1:30:30]} Bf6 {[%clk
1:30:30]} 17. e3 {[%clk 1:30:30]} Ne7 {[%clk 1:30:30]} 18. Qe2 {[%clk 1:30:30]}
Rb6 {[%clk 1:30:30]} 19. Na4 {[%clk 1:30:30]} Rc6 {[%clk 1:30:30]} 20. Nd3 {[%clk
1:30:30]} Rxc1 {[%clk 1:30:30]} 21. Rxc1 {[%clk 1:30:30]} Bf7 {[%clk 1:30:30]}
22. Qc2 {[%clk 1:30:30]} c6 {[%clk 1:30:30]} 23. Nc3 {[%clk 1:30:30]} g5 {[%clk
1:30:30]} 24. Ne2 {[%clk 1:30:30]} h5 {[%clk 1:30:30]} 25. Ne5 {[%clk 1:30:30]}
Be6 {[%clk 1:30:30]} 26. Rf1 {[%clk 1:30:30]} Kg7 {[%clk 1:30:30]} 27. f3 {[%clk
1:30:30]} Nd6 {[%clk 1:30:30]} 28. Kf2 {[%clk 1:30:30]} Rh8 {[%clk 1:30:30]} 29.
h3 {[%clk 1:30:30]} Qc8 {[%clk 1:30:30]} 30. Rg1 {[%clk 1:30:30]} Rh6 {[%clk
1:30:30]} 31. Ke1 {[%clk 1:30:30]} b6 {[%clk 1:30:30]} 32. Kd2 {[%clk 1:30:30]}
a4 {[%clk 1:30:30]} 33. Rc1 {[%clk 1:30:30]} axb3 {[%clk 1:30:30]} 34. Qxb3
{[%clk 1:30:30]} Bxe5 {[%clk 1:30:30]} 35. dxe5 {[%clk 1:30:30]} Nc4+ {[%clk
1:30:30]} 36. Ke1 {[%clk 1:30:30]} c5 {[%clk 1:30:30]} 37. Kf2 {[%clk 1:30:30]}
h4 {[%clk 1:30:30]} 38. g4 {[%clk 1:30:30]} fxg4 {[%clk 1:30:30]} 39. hxg4 {[%clk
1:30:30]} Rh8 {[%clk 1:30:30]} 40. Ng1 {[%clk 1:30:30]} Rf8 {[%clk 1:30:30]} 41.
Ke1 {[%clk 1:30:30]} Kh6 {[%clk 1:30:30]} 42. Bf1 {[%clk 1:30:30]} Ng6 {[%clk
1:30:30]} 43. Be2 {[%clk 1:30:30]} Qc7 {[%clk 1:30:30]} 44. e4 {[%clk 1:30:30]}
Ncxe5 {[%clk 1:30:30]} 45. exd5 {[%clk 1:30:30]} Bg8 {[%clk 1:30:30]} 46. Qe3
{[%clk 1:30:30]} Nf7 {[%clk 1:30:30]} 47. Kd2 {[%clk 1:30:30]} Nd6 {[%clk
1:30:30]} 48. Nh3 {[%clk 1:30:30]} Qd8 {[%clk 1:30:30]} 49. Nxg5 {[%clk 1:30:30]}
Nf4 {[%clk 1:30:30]} 50. Nh3 {[%clk 1:30:30]} Bxd5 {[%clk 1:30:30]} 51. Nxf4
{[%clk 1:30:30]} Nc4+ {[%clk 1:30:30]} 52. Bxc4 {[%clk 1:30:30]} Bxc4+ {[%clk
1:30:30]} 53. Nd3+ {[%clk 1:30:30]} Qg5 {[%clk 1:30:30]} 54. Bg7+ {[%clk
1:30:30]} 1-0

[Event "Campeonato España Sub 18"]
[Site "Salobreña"]
[Date "2017.08.05"]
[Round "9"]
[White "Domingo Nunez, Ruben"]
[Black "Lacruz Algarate, Alvaro"]
[Result "1-0"]
[Board "7"]
[WhiteClock "1:30"]
[WhiteTitle "FM"]
[WhiteElo "2283"]
[WhiteCountry "ESP"]
[WhiteFideId "22245570"]
[WhiteEloChange "7"]
[BlackClock "1:30"]
[BlackElo "2186"]
[BlackCountry "ESP"]
[BlackFideId "32025335"]
[BlackEloChange "-7"]

1. e4 {[%clk 1:30:00]} c5 {[%clk 1:30:00]} 2. Nf3 {[%clk 1:31:00]} e6 {[%clk
1:31:00]} 3. g3 {[%clk 1:31:00]} d6 {[%clk 1:19:00]} 4. Bg2 {[%clk 1:31:00]} Nf6
{[%clk 1:20:00]} 5. Qe2 {[%clk 1:28:00]} Nbd7 {[%clk 1:20:00]} 6. O-O {[%clk
1:26:00]} Qc7 {[%clk 1:20:00]} 7. b3 {[%clk 1:16:00]} Be7 {[%clk 1:18:00]} 8. Bb2
{[%clk 1:17:00]} O-O {[%clk 1:17:00]} 9. d3 {[%clk 1:16:00]} Rb8 {[%clk 1:14:00]}
10. a4 {[%clk 1:14:00]} b6 {[%clk 1:14:00]} 11. Nbd2 {[%clk 1:14:00]} e5 {[%clk
1:11:00]} 12. Nc4 {[%clk 1:12:00]} a6 {[%clk 1:11:00]} 13. Ne3 {[%clk 1:12:00]}
Re8 {[%clk 1:10:00]} 14. Nd2 {[%clk 1:12:00]} Bb7 {[%clk 1:10:00]} 15. f4 {[%clk
1:12:00]} exf4 {[%clk 0:39:00]} 16. gxf4 {[%clk 1:08:00]} d5 {[%clk 0:38:00]} 17.
e5 {[%clk 0:56:00]} d4 {[%clk 0:38:00]} 18. Nf5 {[%clk 0:56:00]} Bf8 {[%clk
0:37:00]} 19. Qf2 {[%clk 0:49:00]} Nd5 {[%clk 0:35:00]} 20. Ne4 {[%clk 0:45:00]}
f6 {[%clk 0:29:00]} 21. Nfd6 {[%clk 0:36:00]} Bxd6 {[%clk 0:27:00]} 22. Nxd6
{[%clk 0:36:00]} fxe5 {[%clk 0:27:00]} 23. Nxe8 {[%clk 0:34:00]} Rxe8 {[%clk
0:27:00]} 24. Bc1 {[%clk 0:32:00]} Rf8 {[%clk 0:25:00]} 25. Qh4 {[%clk 0:29:00]}
Nxf4 {[%clk 0:19:28]} 26. Bxf4 {[%clk 0:28:00]} Bxg2 {[%clk 0:18:09]} 27. Bxe5
{[%clk 0:24:00]} Qxe5 {[%clk 0:18:09]} 28. Rxf8+ {[%clk 0:17:42]} Nxf8 {[%clk
0:18:32]} 29. Kxg2 {[%clk 0:18:02]} Qe2+ {[%clk 0:15:23]} 30. Qf2 {[%clk
0:18:15]} Qxf2+ {[%clk 0:15:50]} 31. Kxf2 {[%clk 0:18:18]} Kf7 {[%clk 0:15:17]}
32. Re1 {[%clk 0:16:47]} Ne6 {[%clk 0:15:17]} 33. Kf3 {[%clk 0:16:59]} Nc7 {[%clk
0:15:06]} 34. Re5 {[%clk 0:16:44]} Kf6 {[%clk 0:15:12]} 35. Ke4 {[%clk 0:17:04]}
g6 {[%clk 0:15:21]} 36. a5 {[%clk 0:15:55]} bxa5 {[%clk 0:15:26]} 37. Rxc5 {[%clk
0:16:16]} Nb5 {[%clk 0:15:49]} 38. Kf4 {[%clk 0:12:59]} Ke6 {[%clk 0:15:07]} 39.
Rc6+ {[%clk 0:12:20]} Kd5 {[%clk 0:15:33]} 40. Rxa6 {[%clk 0:12:39]} Kc5 {[%clk
0:15:58]} 41. Rxa5 {[%clk 0:11:35]} Kb4 {[%clk 0:16:21]} 42. Rxb5+ {[%clk
0:11:35]} 1-0

[Event "Campeonato España Sub 18"]
[Site "Salobreña"]
[Date "2017.08.05"]
[Round "9"]
[White "Jimenez Ruano, Adrian"]
[Black "Nieves Cabanes, Jose Manuel"]
[Result "1/2-1/2"]
[Board "8"]
[WhiteClock "1:30"]
[WhiteElo "2171"]
[WhiteCountry "ESP"]
[WhiteFideId "22276050"]
[WhiteEloChange "3"]
[BlackClock "1:30"]
[BlackTitle "FM"]
[BlackElo "2277"]
[BlackCountry "ESP"]
[BlackFideId "22245715"]
[BlackEloChange "-3"]

1. d4 {[%clk 1:30:00]} d5 {[%clk 1:30:00]} 2. c4 {[%clk 1:30:00]} e6 {[%clk
1:30:00]} 3. Nc3 {[%clk 1:30:00]} a6 {[%clk 1:30:00]} 4. a4 {[%clk 1:27:00]} Nf6
{[%clk 1:21:00]} 5. cxd5 {[%clk 1:25:00]} exd5 {[%clk 1:21:00]} 6. Bg5 {[%clk
1:25:00]} Be7 {[%clk 1:13:00]} 7. e3 {[%clk 1:25:00]} O-O {[%clk 1:11:00]} 8. Bd3
{[%clk 1:25:00]} h6 {[%clk 1:11:00]} 9. Bh4 {[%clk 1:25:00]} Nc6 {[%clk 1:11:00]}
10. Nge2 {[%clk 1:23:00]} Nb4 {[%clk 1:09:00]} 11. Bb1 {[%clk 1:23:00]} Ne4
{[%clk 1:08:00]} 12. Bxe7 {[%clk 1:19:00]} Qxe7 {[%clk 1:08:00]} 13. O-O {[%clk
1:16:00]} Bf5 {[%clk 1:03:00]} 14. Re1 {[%clk 1:15:00]} a5 {[%clk 0:56:00]} 15.
Nf4 {[%clk 1:13:00]} c6 {[%clk 0:54:00]} 16. f3 {[%clk 1:13:00]} Nd6 {[%clk
0:54:00]} 17. Bxf5 {[%clk 1:04:00]} Nxf5 {[%clk 0:54:00]} 18. e4 {[%clk 0:59:00]}
dxe4 {[%clk 0:53:00]} 19. fxe4 {[%clk 1:00:00]} Qd6 {[%clk 0:50:00]} 20. exf5
{[%clk 0:45:00]} Qxf4 {[%clk 0:50:00]} 21. Re5 {[%clk 0:46:00]} Rfd8 {[%clk
0:44:00]} 22. Ne2 {[%clk 0:44:00]} Qxe5 {[%clk 0:44:00]} 23. dxe5 {[%clk
0:44:00]} Rxd1+ {[%clk 0:44:00]} 24. Rxd1 {[%clk 0:44:00]} Re8 {[%clk 0:43:00]}
25. Ng3 {[%clk 0:44:00]} Nd5 {[%clk 0:35:00]} 26. Re1 {[%clk 0:44:00]} Nf4 {[%clk
0:32:00]} 27. Rd1 {[%clk 0:39:00]} Nd5 {[%clk 0:25:00]} 28. Re1 {[%clk 0:40:00]}
Kf8 {[%clk 0:24:00]} 29. Re4 {[%clk 0:38:00]} Nb4 {[%clk 0:23:00]} 30. Re3 {[%clk
0:37:00]} Nd5 {[%clk 0:23:00]} 1/2-1/2